| 000 | 01002nam a2200253Ia 4500 | ||
|---|---|---|---|
| 003 | IN-BaIIA | ||
| 008 | 211028s9999 xx 000 0 eng d | ||
| 020 | _a0-521-37023-X | ||
| 040 | _cIIA Library | ||
| 080 |
_a082.2:52 _bIAU-C111 |
||
| 111 |
_aInternational Astronomical Union Colloquium _cNebraska _d1988 Aug. 15-17 _917173 |
||
| 245 | 4 |
_aThe use of pulsating stars in fundamental problems of astronomy _bproceedings of the International Astronomical Union Colloquium No.111 held in Nebraska, Aug. 15-17, 1988 _cedited by E. G. Schmidt |
|
| 260 |
_aCambridge _bCambridge University Press _c1989 |
||
| 300 | _avii, 288p. | ||
| 490 | _aIAU colloquium; no.111 | ||
| 650 | _aAstronomy and Astrophysics Thesaurus | ||
| 650 |
_aGalaxy _93368 |
||
| 650 |
_aMilky Way _96712 |
||
| 650 | _aStellar Evolution | ||
| 650 |
_aStellar Pulsation _911762 |
||
| 700 |
_aSchmidt, E. G., ed. _917174 |
||
| 710 | _aInternational Astronomical Union | ||
| 942 | _cBK | ||
| 999 |
_c10135 _d10135 |
||